00806 2200277 4500001002100000005001500021035002500036008004100061020002200102040001700124082001200141084001200153245012500165250001100290260003000301300004200331650001800373700001800391850001200409007000300421090001600424090002200440999002200462990002200484990002200506INLIS00000000001448420200628115626 a0010-101500000000218151005s2014 yoia g ind d a978-979-293-776-3 aYOPDYOGbind04222a232 a232 SIM00aSimply Jesus :bkehidupan dan pengajaran Yesus Kristus berdasarkan urutan secara kronologis /cpenerjemah, Arvin Saputra aCet. 13 aYogyakarta :bAndi,c2014 aix, 285 halaman :bilustrasi ;c24 cm 4aYesus Kristus0 aArvin Saputra aYOPDYOGta aDEP 232 SIM aCB-D.11 2014-1591 aCB-D.11/2014-1591 aCB-D.11/2014-1591 aCB-D.11/2014-1591